000 00918nam a2200289 i 4500
003 EG-GICUC
005 20260430063319.0
008 260430s1939 fr ||||fr|||| 000 0 fre d
040 _aEG-GiCUC
_bfre
_cEG-GiCUC
_dEG-GiCUC
_erda
041 1 _afre
082 0 4 _221
_a343.5
_bPE . U
092 0 4 _221
099 _aLaw1 10 343.5 PE . U 1939
100 1 _aPella, Vespasien V
_eAuteur
245 1 2 _aL'union Interparlementaire Et Le Droit Pénal International /
_cVespasien V Pella.
264 1 _aDijon :
_bImprimerie Darantiere,
_c1939.
300 _a18 pages,
_c26 cm
336 _2rda content
_atext
337 _2rda media
_aComputer
338 _2rda carrier
_aOnline Resource
504 _aComprend des références bibliographiques.
546 _aTexte en français
650 1 4 _aDroit pénal
856 4 0 _uhttps://fll.law.cu.edu.eg/fulltext/bks/B10-11251.pdf
905 _a48
942 _2ddc
_cBK
_e21
_n0
999 _c74365
_d74365